[Event "Quebec-ch Intercoll"]
[Site "Joliette"]
[Date "1993.04.10"]
[Round "4"]
[White "Efpraxiadis, Jean"]
[Black "Guindon, Eric"]
[Result "1/2-1/2"]
[WhiteElo "1507"]
[BlackElo "1354"]
[PlyCount "90"]
[EventDate "1993.04.09"]
[EventType "swiss"]
[EventRounds "6"]
[EventCountry "CAN"]
[SourceTitle "EXT 2022"]
[Source "ChessBase"]
[SourceDate "2021.10.06"]
[SourceVersion "1"]
[SourceVersionDate "2021.10.06"]
[SourceQuality "1"]

1. e4 c5 2. Nc3 d6 3. g3 Nf6 4. Bg2 Nc6 5. d3 Bg4 6. Nge2 e5 7. Be3 Be7 8. Qd2 0-0 9. 0-0 Qd7 10. f4 exf4 11. Nxf4 Ne5 12. Ncd5 Nxd5 13. Nxd5 Be6 14. Nxe7+ Qxe7 15. c3 Qd7 16. Rad1 Rac8 17. d4 Nc4 18. Qf2 Nxe3 19. Qxe3 cxd4 20. Qxd4 b6 21. a3 Qb5 22. Qb4 Qc5+ 23. Qd4 Rfd8 24. Rf2 Qe5 25. Qxe5 dxe5 26. Rfd2 Rxd2 27. Rxd2 g6 28. Rd6 Rc7 29. Bf1 Rd7 30. Rxd7 Bxd7 31. Bc4 Bc6 32. Bd5 Bxd5 33. exd5 Kf8 34. c4 Ke7 35. Kf2 Kd6 36. Ke3 f5 37. a4 a5 38. Kd3 h6 39. Kc3 g5 40. Kd3 Kc5 41. Kc3 h5 42. h3 g4 43. hxg4 hxg4 44. Kd3 Kd6 45. Ke3 Kc5 1/2-1/2